<?xml version="1.0" encoding="UTF-8"?>
<record
    xmlns:xsi="http://www.w3.org/2001/XMLSchema-instance"
    xsi:schemaLocation="http://www.loc.gov/MARC21/slim http://www.loc.gov/standards/marcxml/schema/MARC21slim.xsd"
    xmlns="http://www.loc.gov/MARC21/slim">

  <leader>05726njm0a22007691  4500</leader>
  <controlfield tag="001">RU\NLR\ONIZ\196883</controlfield>
  <controlfield tag="005">20250708192205.0</controlfield>
  <datafield tag="035" ind1=" " ind2=" ">
    <subfield code="a">(NLR Aleph) 010404643</subfield>
  </datafield>
  <datafield tag="035" ind1=" " ind2=" ">
    <subfield code="a">RU\NLR\ONIZ\GALA\5000005557\20120209195386</subfield>
  </datafield>
  <datafield tag="090" ind1=" " ind2=" ">
    <subfield code="a">13282237</subfield>
    <subfield code="c">13282237</subfield>
  </datafield>
  <datafield tag="100" ind1=" " ind2=" ">
    <subfield code="a">20120209f20002099|||y0rusy50      ca</subfield>
  </datafield>
  <datafield tag="102" ind1=" " ind2=" ">
    <subfield code="a">RU</subfield>
  </datafield>
  <datafield tag="126" ind1=" " ind2=" ">
    <subfield code="a">axuxhxu      ux</subfield>
    <subfield code="b">xxx</subfield>
  </datafield>
  <datafield tag="127" ind1=" " ind2=" ">
    <subfield code="a">000060</subfield>
  </datafield>
  <datafield tag="135" ind1=" " ind2=" ">
    <subfield code="a">honoannnanndn</subfield>
  </datafield>
  <datafield tag="200" ind1="1" ind2=" ">
    <subfield code="a">&#x41D;&#x435; &#x43D;&#x430;&#x43F;&#x440;&#x430;&#x441;&#x43D;&#x43E; &#x441; &#x442;&#x43E;&#x431;&#x43E;&#x439; &#x432; &#x44D;&#x442;&#x43E;&#x442; &#x43C;&#x438;&#x440; &#x43C;&#x44B; &#x43F;&#x440;&#x438;&#x448;&#x43B;&#x438;...</subfield>
    <subfield code="b">&#x417;&#x432;&#x443;&#x43A;&#x43E;&#x437;&#x430;&#x43F;&#x438;&#x441;&#x44C;</subfield>
    <subfield code="f">&#x41B;. &#x422;&#x443;&#x43C;&#x430;&#x43D;&#x43E;&#x432;&#x430;</subfield>
    <subfield code="g">&#x438;&#x441;&#x43F;&#x43E;&#x43B;&#x43D;. &#x430;&#x432;&#x442;.</subfield>
  </datafield>
  <datafield tag="210" ind1=" " ind2=" ">
    <subfield code="a">&#x411;. &#x43C;.</subfield>
    <subfield code="c">&#x423;&#x440;&#x430;&#x43B;&#x441;&#x432;&#x44F;&#x437;&#x44C;&#x438;&#x43D;&#x444;&#x43E;&#x440;&#x43C; (&#x41A;&#x443;&#x440;&#x433;&#x430;&#x43D;&#x441;&#x43A;&#x438;&#x439; &#x444;&#x438;&#x43B;&#x438;&#x430;&#x43B;)</subfield>
    <subfield code="d">[20--]</subfield>
  </datafield>
  <datafield tag="215" ind1=" " ind2=" ">
    <subfield code="a">1 &#x437;&#x432;. &#x434;&#x438;&#x441;&#x43A; (60 &#x43C;&#x438;&#x43D;), &#x432; &#x444;&#x443;&#x442;&#x43B;.</subfield>
  </datafield>
  <datafield tag="300" ind1=" " ind2=" ">
    <subfield code="a">&#x417;&#x430;&#x43F;&#x438;&#x441;&#x438; 1967 - 2005 &#x433;&#x43E;&#x434;&#x43E;&#x432; &#x438;&#x437; &#x43B;&#x438;&#x447;&#x43D;&#x43E;&#x433;&#x43E; &#x444;&#x43E;&#x43D;&#x434;&#x430; &#x430;&#x432;&#x442;&#x43E;&#x440;&#x430; &#x438; &#x447;&#x430;&#x441;&#x442;&#x43D;&#x43E;&#x439; &#x43A;&#x43E;&#x43B;&#x43B;&#x435;&#x43A;&#x446;&#x438;&#x438; &#x410;&#x43D;&#x430;&#x442;&#x43E;&#x43B;&#x438;&#x44F; &#x412;&#x44F;&#x442;&#x43A;&#x438;&#x43D;&#x430;</subfield>
  </datafield>
  <datafield tag="325" ind1=" " ind2=" ">
    <subfield code="a">&#x41A;&#x43E;&#x43F;&#x438;&#x44F; &#x434;&#x43E;&#x441;&#x442;&#x443;&#x43F;&#x43D;&#x430; &#x432; &#x42D;&#x43B;&#x435;&#x43A;&#x442;&#x440;&#x43E;&#x43D;. &#x431;-&#x43A;&#x435; &#x420;&#x41D;&#x411;</subfield>
  </datafield>
  <datafield tag="327" ind1="1" ind2=" ">
    <subfield code="a">1. &#x41F;&#x43E;&#x43A;&#x430; &#x43D;&#x435; &#x43F;&#x43E;&#x437;&#x434;&#x43D;&#x43E; : &#x441;&#x442;&#x438;&#x445;&#x438;;</subfield>
    <subfield code="a">2. &#x413;&#x43E;&#x43B;&#x443;&#x431;&#x43E;&#x439; &#x437;&#x432;&#x435;&#x437;&#x434;&#x43E;&#x43F;&#x430;&#x434;;</subfield>
    <subfield code="a">3. &#x41D;&#x435;&#x431;&#x435;&#x441;&#x43D;&#x44B;&#x435; &#x43A;&#x43E;&#x440;&#x43E;&#x43B;&#x438;;</subfield>
    <subfield code="a">4. &#x421;&#x442;&#x44E;&#x430;&#x440;&#x434;&#x435;&#x441;&#x441;&#x430;;</subfield>
    <subfield code="a">5. &#x42F;&#x43D;&#x442;&#x430;&#x440;&#x43D;&#x43E;&#x435; &#x43C;&#x43E;&#x440;&#x435;;</subfield>
    <subfield code="a">6. &#x412;&#x43E;&#x437;&#x44C;&#x43C;&#x438; &#x43C;&#x43E;&#x44E; &#x43D;&#x435;&#x436;&#x43D;&#x43E;&#x441;&#x442;&#x44C;;</subfield>
    <subfield code="a">7. &#x41D;&#x435;&#x43D;&#x430;&#x441;&#x442;&#x44C;&#x435; &#x431;&#x44B;&#x43B;&#x43E; &#x438; &#x43F;&#x440;&#x43E;&#x448;&#x43B;&#x43E;...;</subfield>
    <subfield code="a">8. &#x412;&#x441;&#x435;&#x43C;&#x443; &#x441;&#x432;&#x43E;&#x451; &#x432;&#x440;&#x435;&#x43C;&#x44F; (&#x411;&#x440;&#x43E;&#x434;&#x438;&#x442; &#x430;&#x432;&#x433;&#x443;&#x441;&#x442;...);</subfield>
    <subfield code="a">9. &#x41C;&#x43E;&#x440;&#x435;;</subfield>
    <subfield code="a">10. &#x420;&#x43E;&#x436;&#x434;&#x435;&#x43D;&#x438;&#x435; &#x434;&#x43D;&#x44F; : &#x441;&#x442;&#x438;&#x445;&#x438;;</subfield>
    <subfield code="a">11. &#x41F;&#x435;&#x440;&#x435;&#x43A;&#x43B;&#x44E;&#x447;&#x438;&#x441;&#x44C; &#x43D;&#x430; &#x43F;&#x440;&#x438;&#x451;&#x43C;;</subfield>
    <subfield code="a">12. &#x41C;&#x430;&#x43B;&#x435;&#x43D;&#x44C;&#x43A;&#x438;&#x439; &#x446;&#x432;&#x435;&#x442;&#x43E;&#x43A; : &#x441;&#x442;&#x438;&#x445;&#x438;;</subfield>
    <subfield code="a">13. &#x41F;&#x435;&#x441;&#x435;&#x43D;&#x43A;&#x430; &#x431;&#x435;&#x437; &#x441;&#x43B;&#x43E;&#x432;;</subfield>
    <subfield code="a">14. &#x41A;&#x43E; &#x43C;&#x43D;&#x435;, &#x41C;&#x443;&#x445;&#x442;&#x430;&#x440;!;</subfield>
    <subfield code="a">15. &#x41C;&#x430;&#x441;&#x43A;&#x438;;</subfield>
    <subfield code="a">16. &#x41F;&#x435;&#x441;&#x435;&#x43D;&#x43A;&#x430; &#x437;&#x430;&#x439;&#x447;&#x43E;&#x43D;&#x43A;&#x430; &#x41A;&#x43D;&#x43E;&#x43F;&#x43E;&#x447;&#x43A;&#x438;;</subfield>
    <subfield code="a">17. &#x42F; &#x43D;&#x430;&#x440;&#x438;&#x441;&#x443;&#x44E; &#x441;&#x43F;&#x435;&#x43B;&#x443;&#x44E; &#x43C;&#x43E;&#x440;&#x43A;&#x43E;&#x432;&#x43A;&#x443;...;</subfield>
    <subfield code="a">18. &#x41B;&#x435;&#x442;&#x43E; - &#x44D;&#x442;&#x43E; &#x43E;&#x447;&#x435;&#x43D;&#x44C; &#x445;&#x43E;&#x440;&#x43E;&#x448;&#x43E;!;</subfield>
    <subfield code="a">19. &#x421;&#x43E;&#x43D;&#x43D;&#x430;&#x44F; &#x43F;&#x435;&#x441;&#x435;&#x43D;&#x43A;&#x430;;</subfield>
    <subfield code="a">20. &#x41E; &#x43D;&#x435;&#x43E;&#x431;&#x438;&#x442;&#x430;&#x435;&#x43C;&#x44B;&#x445; &#x43E;&#x441;&#x442;&#x440;&#x43E;&#x432;&#x430;&#x445;;</subfield>
    <subfield code="a">21. &#x41F;&#x435;&#x440;&#x432;&#x43E;&#x43A;&#x43B;&#x430;&#x441;&#x441;&#x43D;&#x438;&#x446;&#x430;;</subfield>
    <subfield code="a">22. &#x421;&#x442;&#x440;&#x430;&#x434;&#x430;&#x43D;&#x438;&#x435; (&#x423; &#x43F;&#x438;&#x440;&#x430;&#x442;&#x43E;&#x432; &#x442;&#x440;&#x443;&#x434;&#x43D;&#x430;&#x44F; &#x440;&#x430;&#x431;&#x43E;&#x442;&#x430;...);</subfield>
    <subfield code="a">23. &#x42D;&#x433;&#x435;&#x439;, &#x43C;&#x43E;&#x439; &#x43A;&#x43E;&#x43D;&#x44C;!;</subfield>
    <subfield code="a">24. &#x417;&#x438;&#x43C;&#x443;&#x448;&#x43A;&#x430;-&#x437;&#x438;&#x43C;&#x430;;</subfield>
    <subfield code="a">25. &#x414;&#x435;&#x434; &#x41C;&#x43E;&#x440;&#x43E;&#x437;;</subfield>
    <subfield code="a">26. &#x41C;&#x443;&#x437;&#x435;&#x439; &#x432;&#x43E;&#x441;&#x43A;&#x43E;&#x432;&#x44B;&#x445; &#x444;&#x438;&#x433;&#x443;&#x440;;</subfield>
    <subfield code="a">27. &#x414;&#x43B;&#x44F; &#x447;&#x435;&#x433;&#x43E; &#x43C;&#x44B; &#x441; &#x442;&#x43E;&#x431;&#x43E;&#x44E; &#x43F;&#x440;&#x438;&#x448;&#x43B;&#x438; &#x432; &#x44D;&#x442;&#x43E;&#x442; &#x43C;&#x438;&#x440;? : &#x441;&#x442;&#x438;&#x445;&#x438;;</subfield>
    <subfield code="a">28. &#x41C;&#x43E;&#x439; &#x422;&#x435;&#x430;&#x442;&#x440;</subfield>
  </datafield>
  <datafield tag="464" ind1=" " ind2="0">
    <subfield code="1">2001#$a&#x412;&#x43E;&#x437;&#x44C;&#x43C;&#x438; &#x43C;&#x43E;&#x44E; &#x43D;&#x435;&#x436;&#x43D;&#x43E;&#x441;&#x442;&#x44C;</subfield>
    <subfield code="t">&#x412;&#x43E;&#x437;&#x44C;&#x43C;&#x438; &#x43C;&#x43E;&#x44E; &#x43D;&#x435;&#x436;&#x43D;&#x43E;&#x441;&#x442;&#x44C;</subfield>
  </datafield>
  <datafield tag="464" ind1=" " ind2="0">
    <subfield code="1">2001#$a&#x412;&#x441;&#x435;&#x43C;&#x443; &#x441;&#x432;&#x43E;&#x451; &#x432;&#x440;&#x435;&#x43C;&#x44F; (&#x411;&#x440;&#x43E;&#x434;&#x438;&#x442; &#x430;&#x432;&#x433;&#x443;&#x441;&#x442;...)</subfield>
    <subfield code="t">&#x412;&#x441;&#x435;&#x43C;&#x443; &#x441;&#x432;&#x43E;&#x451; &#x432;&#x440;&#x435;&#x43C;&#x44F; (&#x411;&#x440;&#x43E;&#x434;&#x438;&#x442; &#x430;&#x432;&#x433;&#x443;&#x441;&#x442;...)</subfield>
  </datafield>
  <datafield tag="464" ind1=" " ind2="0">
    <subfield code="1">2001#$a&#x413;&#x43E;&#x43B;&#x443;&#x431;&#x43E;&#x439; &#x437;&#x432;&#x435;&#x437;&#x434;&#x43E;&#x43F;&#x430;&#x434;</subfield>
    <subfield code="t">&#x413;&#x43E;&#x43B;&#x443;&#x431;&#x43E;&#x439; &#x437;&#x432;&#x435;&#x437;&#x434;&#x43E;&#x43F;&#x430;&#x434;</subfield>
  </datafield>
  <datafield tag="464" ind1=" " ind2="0">
    <subfield code="1">2001#$a&#x414;&#x435;&#x434; &#x41C;&#x43E;&#x440;&#x43E;&#x437;</subfield>
    <subfield code="t">&#x414;&#x435;&#x434; &#x41C;&#x43E;&#x440;&#x43E;&#x437;</subfield>
  </datafield>
  <datafield tag="464" ind1=" " ind2="0">
    <subfield code="1">2001#$a&#x414;&#x43B;&#x44F; &#x447;&#x435;&#x433;&#x43E; &#x43C;&#x44B; &#x441; &#x442;&#x43E;&#x431;&#x43E;&#x44E; &#x43F;&#x440;&#x438;&#x448;&#x43B;&#x438; &#x432; &#x44D;&#x442;&#x43E;&#x442; &#x43C;&#x438;&#x440;?$e&#x441;&#x442;&#x438;&#x445;&#x438;</subfield>
    <subfield code="t">&#x414;&#x43B;&#x44F; &#x447;&#x435;&#x433;&#x43E; &#x43C;&#x44B; &#x441; &#x442;&#x43E;&#x431;&#x43E;&#x44E; &#x43F;&#x440;&#x438;&#x448;&#x43B;&#x438; &#x432; &#x44D;&#x442;&#x43E;&#x442; &#x43C;&#x438;&#x440;?</subfield>
  </datafield>
  <datafield tag="464" ind1=" " ind2="0">
    <subfield code="1">2001#$a&#x417;&#x438;&#x43C;&#x443;&#x448;&#x43A;&#x430;-&#x437;&#x438;&#x43C;&#x430;</subfield>
    <subfield code="t">&#x417;&#x438;&#x43C;&#x443;&#x448;&#x43A;&#x430;-&#x437;&#x438;&#x43C;&#x430;</subfield>
  </datafield>
  <datafield tag="464" ind1=" " ind2="0">
    <subfield code="1">2001#$a&#x41A;&#x43E; &#x43C;&#x43D;&#x435;, &#x41C;&#x443;&#x445;&#x442;&#x430;&#x440;!</subfield>
    <subfield code="t">&#x41A;&#x43E; &#x43C;&#x43D;&#x435;, &#x41C;&#x443;&#x445;&#x442;&#x430;&#x440;!</subfield>
  </datafield>
  <datafield tag="464" ind1=" " ind2="0">
    <subfield code="1">2001#$a&#x41B;&#x435;&#x442;&#x43E; - &#x44D;&#x442;&#x43E; &#x43E;&#x447;&#x435;&#x43D;&#x44C; &#x445;&#x43E;&#x440;&#x43E;&#x448;&#x43E;!</subfield>
    <subfield code="t">&#x41B;&#x435;&#x442;&#x43E; - &#x44D;&#x442;&#x43E; &#x43E;&#x447;&#x435;&#x43D;&#x44C; &#x445;&#x43E;&#x440;&#x43E;&#x448;&#x43E;!</subfield>
  </datafield>
  <datafield tag="464" ind1=" " ind2="0">
    <subfield code="1">2001#$a&#x41C;&#x430;&#x43B;&#x435;&#x43D;&#x44C;&#x43A;&#x438;&#x439; &#x446;&#x432;&#x435;&#x442;&#x43E;&#x43A;$e&#x441;&#x442;&#x438;&#x445;&#x438;</subfield>
    <subfield code="t">&#x41C;&#x430;&#x43B;&#x435;&#x43D;&#x44C;&#x43A;&#x438;&#x439; &#x446;&#x432;&#x435;&#x442;&#x43E;&#x43A;</subfield>
  </datafield>
  <datafield tag="464" ind1=" " ind2="0">
    <subfield code="1">2001#$a&#x41C;&#x430;&#x441;&#x43A;&#x438;</subfield>
    <subfield code="t">&#x41C;&#x430;&#x441;&#x43A;&#x438;</subfield>
  </datafield>
  <datafield tag="464" ind1=" " ind2="0">
    <subfield code="1">2001#$a&#x41C;&#x43E;&#x439; &#x422;&#x435;&#x430;&#x442;&#x440;</subfield>
    <subfield code="t">&#x41C;&#x43E;&#x439; &#x422;&#x435;&#x430;&#x442;&#x440;</subfield>
  </datafield>
  <datafield tag="464" ind1=" " ind2="0">
    <subfield code="1">2001#$a&#x41C;&#x43E;&#x440;&#x435;</subfield>
    <subfield code="t">&#x41C;&#x43E;&#x440;&#x435;</subfield>
  </datafield>
  <datafield tag="464" ind1=" " ind2="0">
    <subfield code="1">2001#$a&#x41C;&#x443;&#x437;&#x435;&#x439; &#x432;&#x43E;&#x441;&#x43A;&#x43E;&#x432;&#x44B;&#x445; &#x444;&#x438;&#x433;&#x443;&#x440;</subfield>
    <subfield code="t">&#x41C;&#x443;&#x437;&#x435;&#x439; &#x432;&#x43E;&#x441;&#x43A;&#x43E;&#x432;&#x44B;&#x445; &#x444;&#x438;&#x433;&#x443;&#x440;</subfield>
  </datafield>
  <datafield tag="464" ind1=" " ind2="0">
    <subfield code="1">2001#$a&#x41D;&#x435;&#x431;&#x435;&#x441;&#x43D;&#x44B;&#x435; &#x43A;&#x43E;&#x440;&#x43E;&#x43B;&#x438;</subfield>
    <subfield code="t">&#x41D;&#x435;&#x431;&#x435;&#x441;&#x43D;&#x44B;&#x435; &#x43A;&#x43E;&#x440;&#x43E;&#x43B;&#x438;</subfield>
  </datafield>
  <datafield tag="464" ind1=" " ind2="0">
    <subfield code="1">2001#$a&#x41D;&#x435;&#x43D;&#x430;&#x441;&#x442;&#x44C;&#x435; &#x431;&#x44B;&#x43B;&#x43E; &#x438; &#x43F;&#x440;&#x43E;&#x448;&#x43B;&#x43E;...</subfield>
    <subfield code="t">&#x41D;&#x435;&#x43D;&#x430;&#x441;&#x442;&#x44C;&#x435; &#x431;&#x44B;&#x43B;&#x43E; &#x438; &#x43F;&#x440;&#x43E;&#x448;&#x43B;&#x43E;...</subfield>
  </datafield>
  <datafield tag="464" ind1=" " ind2="0">
    <subfield code="1">2001#$a&#x41E; &#x43D;&#x435;&#x43E;&#x431;&#x438;&#x442;&#x430;&#x435;&#x43C;&#x44B;&#x445; &#x43E;&#x441;&#x442;&#x440;&#x43E;&#x432;&#x430;&#x445;</subfield>
    <subfield code="t">&#x41E; &#x43D;&#x435;&#x43E;&#x431;&#x438;&#x442;&#x430;&#x435;&#x43C;&#x44B;&#x445; &#x43E;&#x441;&#x442;&#x440;&#x43E;&#x432;&#x430;&#x445;</subfield>
  </datafield>
  <datafield tag="464" ind1=" " ind2="0">
    <subfield code="1">2001#$a&#x41F;&#x435;&#x440;&#x432;&#x43E;&#x43A;&#x43B;&#x430;&#x441;&#x441;&#x43D;&#x438;&#x446;&#x430;</subfield>
    <subfield code="t">&#x41F;&#x435;&#x440;&#x432;&#x43E;&#x43A;&#x43B;&#x430;&#x441;&#x441;&#x43D;&#x438;&#x446;&#x430;</subfield>
  </datafield>
  <datafield tag="464" ind1=" " ind2="0">
    <subfield code="1">2001#$a&#x41F;&#x435;&#x440;&#x435;&#x43A;&#x43B;&#x44E;&#x447;&#x438;&#x441;&#x44C; &#x43D;&#x430; &#x43F;&#x440;&#x438;&#x451;&#x43C;</subfield>
    <subfield code="t">&#x41F;&#x435;&#x440;&#x435;&#x43A;&#x43B;&#x44E;&#x447;&#x438;&#x441;&#x44C; &#x43D;&#x430; &#x43F;&#x440;&#x438;&#x451;&#x43C;</subfield>
  </datafield>
  <datafield tag="464" ind1=" " ind2="0">
    <subfield code="1">2001#$a&#x41F;&#x435;&#x441;&#x435;&#x43D;&#x43A;&#x430; &#x431;&#x435;&#x437; &#x441;&#x43B;&#x43E;&#x432;</subfield>
    <subfield code="t">&#x41F;&#x435;&#x441;&#x435;&#x43D;&#x43A;&#x430; &#x431;&#x435;&#x437; &#x441;&#x43B;&#x43E;&#x432;</subfield>
  </datafield>
  <datafield tag="464" ind1=" " ind2="0">
    <subfield code="1">2001#$a&#x41F;&#x435;&#x441;&#x435;&#x43D;&#x43A;&#x430; &#x437;&#x430;&#x439;&#x447;&#x43E;&#x43D;&#x43A;&#x430; &#x41A;&#x43D;&#x43E;&#x43F;&#x43E;&#x447;&#x43A;&#x438;</subfield>
    <subfield code="t">&#x41F;&#x435;&#x441;&#x435;&#x43D;&#x43A;&#x430; &#x437;&#x430;&#x439;&#x447;&#x43E;&#x43D;&#x43A;&#x430; &#x41A;&#x43D;&#x43E;&#x43F;&#x43E;&#x447;&#x43A;&#x438;</subfield>
  </datafield>
  <datafield tag="464" ind1=" " ind2="0">
    <subfield code="1">2001#$a&#x41F;&#x43E;&#x43A;&#x430; &#x43D;&#x435; &#x43F;&#x43E;&#x437;&#x434;&#x43D;&#x43E;$e&#x441;&#x442;&#x438;&#x445;&#x438;</subfield>
    <subfield code="t">&#x41F;&#x43E;&#x43A;&#x430; &#x43D;&#x435; &#x43F;&#x43E;&#x437;&#x434;&#x43D;&#x43E;</subfield>
  </datafield>
  <datafield tag="464" ind1=" " ind2="0">
    <subfield code="1">2001#$a&#x420;&#x43E;&#x436;&#x434;&#x435;&#x43D;&#x438;&#x435; &#x434;&#x43D;&#x44F;$e&#x441;&#x442;&#x438;&#x445;&#x438;</subfield>
    <subfield code="t">&#x420;&#x43E;&#x436;&#x434;&#x435;&#x43D;&#x438;&#x435; &#x434;&#x43D;&#x44F;</subfield>
  </datafield>
  <datafield tag="464" ind1=" " ind2="0">
    <subfield code="1">2001#$a&#x421;&#x43E;&#x43D;&#x43D;&#x430;&#x44F; &#x43F;&#x435;&#x441;&#x435;&#x43D;&#x43A;&#x430;</subfield>
    <subfield code="t">&#x421;&#x43E;&#x43D;&#x43D;&#x430;&#x44F; &#x43F;&#x435;&#x441;&#x435;&#x43D;&#x43A;&#x430;</subfield>
  </datafield>
  <datafield tag="464" ind1=" " ind2="0">
    <subfield code="1">2001#$a&#x421;&#x442;&#x440;&#x430;&#x434;&#x430;&#x43D;&#x438;&#x435; (&#x423; &#x43F;&#x438;&#x440;&#x430;&#x442;&#x43E;&#x432; &#x442;&#x440;&#x443;&#x434;&#x43D;&#x430;&#x44F; &#x440;&#x430;&#x431;&#x43E;&#x442;&#x430;...)</subfield>
    <subfield code="t">&#x421;&#x442;&#x440;&#x430;&#x434;&#x430;&#x43D;&#x438;&#x435; (&#x423; &#x43F;&#x438;&#x440;&#x430;&#x442;&#x43E;&#x432; &#x442;&#x440;&#x443;&#x434;&#x43D;&#x430;&#x44F; &#x440;&#x430;&#x431;&#x43E;&#x442;&#x430;...)</subfield>
  </datafield>
  <datafield tag="464" ind1=" " ind2="0">
    <subfield code="1">2001#$a&#x421;&#x442;&#x44E;&#x430;&#x440;&#x434;&#x435;&#x441;&#x441;&#x430;</subfield>
    <subfield code="t">&#x421;&#x442;&#x44E;&#x430;&#x440;&#x434;&#x435;&#x441;&#x441;&#x430;</subfield>
  </datafield>
  <datafield tag="464" ind1=" " ind2="0">
    <subfield code="1">2001#$a&#x42D;&#x433;&#x435;&#x439;, &#x43C;&#x43E;&#x439; &#x43A;&#x43E;&#x43D;&#x44C;!</subfield>
    <subfield code="t">&#x42D;&#x433;&#x435;&#x439;, &#x43C;&#x43E;&#x439; &#x43A;&#x43E;&#x43D;&#x44C;!</subfield>
  </datafield>
  <datafield tag="464" ind1=" " ind2="0">
    <subfield code="1">2001#$a&#x42F; &#x43D;&#x430;&#x440;&#x438;&#x441;&#x443;&#x44E; &#x441;&#x43F;&#x435;&#x43B;&#x443;&#x44E; &#x43C;&#x43E;&#x440;&#x43A;&#x43E;&#x432;&#x43A;&#x443;...</subfield>
    <subfield code="t">&#x42F; &#x43D;&#x430;&#x440;&#x438;&#x441;&#x443;&#x44E; &#x441;&#x43F;&#x435;&#x43B;&#x443;&#x44E; &#x43C;&#x43E;&#x440;&#x43A;&#x43E;&#x432;&#x43A;&#x443;...</subfield>
  </datafield>
  <datafield tag="464" ind1=" " ind2="0">
    <subfield code="1">2001#$a&#x42F;&#x43D;&#x442;&#x430;&#x440;&#x43D;&#x43E;&#x435; &#x43C;&#x43E;&#x440;&#x435;</subfield>
    <subfield code="t">&#x42F;&#x43D;&#x442;&#x430;&#x440;&#x43D;&#x43E;&#x435; &#x43C;&#x43E;&#x440;&#x435;</subfield>
  </datafield>
  <datafield tag="606" ind1="1" ind2=" ">
    <subfield code="a">&#x410;&#x432;&#x442;&#x43E;&#x440;&#x441;&#x43A;&#x430;&#x44F; &#x43F;&#x435;&#x441;&#x43D;&#x44F;</subfield>
    <subfield code="y">&#x420;&#x43E;&#x441;&#x441;&#x438;&#x44F;</subfield>
    <subfield code="2">nlr_sh</subfield>
  </datafield>
  <datafield tag="606" ind1="1" ind2=" ">
    <subfield code="a">&#x421;&#x442;&#x438;&#x445;&#x438;</subfield>
    <subfield code="y">&#x420;&#x43E;&#x441;&#x441;&#x438;&#x44F;</subfield>
    <subfield code="z">20 - 21 &#x432;&#x432;.</subfield>
    <subfield code="2">nlr_sh</subfield>
  </datafield>
  <datafield tag="686" ind1=" " ind2=" ">
    <subfield code="a">&#x429;943.4, 8(2)</subfield>
    <subfield code="v">LBC/SL</subfield>
    <subfield code="2">rubbk</subfield>
  </datafield>
  <datafield tag="700" ind1=" " ind2="1">
    <subfield code="9">z01790</subfield>
    <subfield code="a">&#x422;&#x443;&#x43C;&#x430;&#x43D;&#x43E;&#x432;&#x430;</subfield>
    <subfield code="b">&#x41B;. &#x410;.</subfield>
    <subfield code="f">1945 -</subfield>
    <subfield code="g">&#x41B;&#x44E;&#x434;&#x43C;&#x438;&#x43B;&#x430; &#x410;&#x43D;&#x430;&#x442;&#x43E;&#x43B;&#x44C;&#x435;&#x432;&#x43D;&#x430;</subfield>
    <subfield code="4">230</subfield>
  </datafield>
  <datafield tag="790" ind1=" " ind2="1">
    <subfield code="9">z01700</subfield>
    <subfield code="a">Tumanova</subfield>
    <subfield code="b">L. A.</subfield>
    <subfield code="f">1945 -</subfield>
    <subfield code="g">Lyudmila Anatol'evna</subfield>
    <subfield code="4">230</subfield>
  </datafield>
  <datafield tag="801" ind1=" " ind2="0">
    <subfield code="a">RU</subfield>
    <subfield code="b">NLR</subfield>
    <subfield code="c">20120209</subfield>
    <subfield code="g">PSBO</subfield>
  </datafield>
  <datafield tag="801" ind1=" " ind2="1">
    <subfield code="a">RU</subfield>
    <subfield code="b">NLR</subfield>
    <subfield code="c">20120209</subfield>
    <subfield code="2">rusmarc</subfield>
  </datafield>
  <datafield tag="801" ind1=" " ind2="2">
    <subfield code="a">RU</subfield>
    <subfield code="b">NLR</subfield>
    <subfield code="c">20151105</subfield>
  </datafield>
  <datafield tag="852" ind1=" " ind2=" ">
    <subfield code="a">NLR</subfield>
    <subfield code="b">&#x41C;&#x433;</subfield>
    <subfield code="j">&#x414;/1332</subfield>
    <subfield code="p">2931</subfield>
    <subfield code="t">1</subfield>
  </datafield>
  <datafield tag="856" ind1=" " ind2="0">
    <subfield code="u">http://vivaldi.nlr.ru/mk000000302/view</subfield>
  </datafield>
  <datafield tag="856" ind1=" " ind2="1">
    <subfield code="u">http://vivaldi.nlr.ru/mk000000302/cover</subfield>
  </datafield>
  <datafield tag="856" ind1=" " ind2="2">
    <subfield code="u">http://vivaldi.nlr.ru/mk000000302/text</subfield>
  </datafield>
  <datafield tag="942" ind1=" " ind2=" ">
    <subfield code="c">REC</subfield>
  </datafield>
  <datafield tag="980" ind1=" " ind2=" ">
    <subfield code="a">NB</subfield>
  </datafield>
  <datafield tag="980" ind1=" " ind2=" ">
    <subfield code="a">ONIZ</subfield>
  </datafield>
  <datafield tag="981" ind1="2" ind2="4">
    <subfield code="a">(24) &#x41D;&#x43E;&#x442;&#x43D;&#x44B;&#x435; &#x438;&#x437;&#x434;&#x430;&#x43D;&#x438;&#x44F; &#x438; &#x430;&#x443;&#x434;&#x438;&#x43E;&#x437;&#x430;&#x43F;&#x438;&#x441;&#x438;</subfield>
    <subfield code="b">(24) &#x413;&#x440;&#x430;&#x43C;&#x43F;&#x43B;&#x430;&#x441;&#x442;&#x438;&#x43D;&#x43A;&#x438;</subfield>
  </datafield>
  <datafield tag="995" ind1=" " ind2=" ">
    <subfield code="5">2012-02-09</subfield>
    <subfield code="b">NLR01</subfield>
    <subfield code="c">NLR01</subfield>
    <subfield code="e">ONIZ</subfield>
    <subfield code="k">&#x414;/1332 &#x414;/1332</subfield>
    <subfield code="o">0</subfield>
    <subfield code="r">REC</subfield>
    <subfield code="s">1332_1332</subfield>
  </datafield>
</record>
